Flags of Separatist Movements in Italy - Statistics

General Stats
  • This quiz has been taken 20 times
  • The average score is 6 of 8
Answer Stats
Picture Hint Answer % Correct
Island west of the country Sardinia
100%
Island beneath the land Sicily
100%
Former republic Venice
94%
Wants unification with Austria South Tyrol
89%
Northern region Lombardy
78%
Famous for its green coast Liguria
67%
Region known for its cuisine and culture Padania
44%
Southern boot Neapolitania
11%
No matching quizzes found
Score Distribution
Percent of People with Each Score
Percentile by Number Answered
Your Score History
You have not taken this quiz